| 000 | 00816nam a2200265 i 4500 | ||
|---|---|---|---|
| 001 | 104937 | ||
| 003 | ES-MaACL | ||
| 005 | 20230906183729.0 | ||
| 007 | t| | ||
| 008 | 060530s1988 fr ||||1| fre d | ||
| 020 | _a2-904-21808-4 | ||
| 080 | _a811.134.2'342.8 | ||
| 100 | 1 |
_aCaro, O. _935401 |
|
| 245 | 1 | 2 |
_aL'accentuation _b: grammaire, règles, exercices, corrigés / _cO. Caro. |
| 250 | _a1er. ed. | ||
| 260 |
_aLes Milles : _bMartorana, _c[1988] |
||
| 300 |
_a145 p. ; _c21 cm. |
||
| 490 | 1 | _aPrincipales notions | |
| 500 | _aBiblioteca Jacinto Martínez Lacalle. | ||
| 500 | _aPrecede al tit.: Concepts de linguistique espagnole. | ||
| 650 | 1 | 4 |
_aLengua española- _xAcento. _914116 |
| 830 | 0 |
_aPrincipales notions _9232668 |
|
| 852 |
_aES-MaACL _jE-11328 _bR.139095 |
||
| 999 |
_c104937 _d104937 |
||